Ranking de Seleções da FIFA Top 15 - Statistics

Estatísticas Gerais
  • Esse quiz foi jogado 194 vezes
  • A pontuação média é 4 de 15
Estatísticas das Respostas
Hint Resposta % Correto
1ºLugar Argentina
85%
2ºLugar França
59%
5ºLugar Brasil
53%
3ºLugar Espanha
34%
4ºLugar Inglaterra
30%
14ºLugar Marrocos
22%
8ºLugar Portugal
22%
13ºLugar Alemanha
15%
6ºLugar Bélgica
15%
7ºLugar Holanda
15%
15ºLugar Suíça
15%
10ºLugar Itália
14%
12ºLugar Croácia
11%
9ºLugar Colômbia
9%
11ºLugar Uruguai
5%
Nenhum quiz correspondente encontrado
Distribuição das Pontuações
Porcentagem de Pessoas com Cada Pontuação
Percentil de Números Respondidos
Sua Pontuação Histórica
Você não jogou esse quiz